000 00438nam a2200181Ia 4500
001 16646
005 20260306170325.0
008 260306t2000||||xx |||||||||||||| ||und||
041 _aESP
082 _a348.811L
_bR41
100 _aRendón Vásquez, Jorge
_eAUT
245 0 _aNormas legales sobre higiene y seguridad ocupacionales
260 _c2000
300 _a
_c
650 _aGEN
654 _aCDE
942 _cLIB
_dJUS
_fJUS
_2ddc
_n
999 _c16646
_d16646